000 00354nam a2200157Ia 4500
003 OSt
005 20240322153717.0
008 170523s9999 xx 000 0 und d
020 _a978-0029799901
040 _cIIMT UNIVERSITY
100 _aTULL,DONALD.S
245 0 _aMARKETING RESEARCH
260 _bPHI
_aNEW DELHI
300 _a863
942 _2ddc
_c02
999 _c1890
_d1890